[Event "SR 1. liga zapad 2013/2014"]
[Site "?"]
[Date "2013.11.16"]
[Round "14.1"]
[White "Zetocha, Claudiu"]
[Black "Likavsky, Tomas"]
[Result "1-0"]
[WhiteElo "2363"]
[BlackElo "2453"]
[PlyCount "115"]
[EventDate "2013.??.??"]
[WhiteTeam "SK Slovan Bratislava C"]
[BlackTeam "Lokomotiva Trnava"]

1. e4 c5 2. Nf3 d6 3. Bc4 e6 4. O-O Nf6 5. d3 Be7 6. c3 d5 7. Bb5+ Bd7 8. Bxd7+
Nbxd7 9. e5 Ng4 10. Qa4 h5 11. h3 Nh6 12. c4 Kf8 13. cxd5 Nb6 14. Qb5 Qxd5 15.
Nc3 Qd7 16. Bxh6 Rxh6 17. a4 g5 18. g4 Rd8 19. Rad1 Qxb5 20. axb5 Kg7 21. Kg2
Rhh8 22. Ra1 Rxd3 23. Rxa7 Rd7 24. Re1 c4 25. Re4 Kg6 26. gxh5+ Rxh5 27. Ne2
Rh8 28. Rg4 f5 29. exf6 Bxf6 30. Nxg5 Bxb2 31. Nxe6+ Kf6 32. Nc5 Rc7 33. Rxb7
Rxb7 34. Nxb7 Rh5 35. Nd6 Re5 36. Kf1 c3 37. Nxc3 Bxc3 38. Ne4+ Rxe4 39. Rxe4
Kf5 40. Rg4 Nd5 41. Rc4 Ba5 42. Rc6 Ke4 43. Kg2 Nf4+ 44. Kg3 Ne2+ 45. Kg4 Nd4
46. Ra6 Bc7 47. b6 Bb8 48. b7 Kd5 49. Ra8 Nc6 50. f4 Kd6 51. h4 Kc7 52. h5 Kxb7
53. Rxb8+ Kxb8 54. h6 Nd8 55. h7 Nf7 56. Kf5 Kc7 57. Kf6 Nh8 58. Kg7 1-0

[Event "SR 1. liga zapad 2013/2014"]
[Site "?"]
[Date "2013.11.16"]
[Round "14.2"]
[White "Lanc, Alois"]
[Black "Petran, Peter"]
[Result "1-0"]
[WhiteElo "2355"]
[BlackElo "2320"]
[PlyCount "53"]
[EventDate "2013.??.??"]
[WhiteTeam "Lokomotiva Trnava"]
[BlackTeam "SK Slovan Bratislava C"]

1. e4 c6 2. d4 d5 3. Nc3 dxe4 4. Nxe4 Nf6 5. Nxf6+ gxf6 6. g3 Bf5 7. Bg2 Nd7 8.
Ne2 e6 9. O-O Bd6 10. c4 Qc7 11. Nc3 a6 12. c5 Be7 13. b4 O-O 14. h4 h5 15.
Qxh5 Bg6 16. Qe2 Rfe8 17. Be3 Bf8 18. h5 Bh7 19. Bf4 e5 20. Be3 a5 21. a3 f5
22. dxe5 axb4 23. axb4 Rxa1 24. Rxa1 Qxe5 25. Qd2 Nf6 26. Bd4 Qe6 27. Qg5+ 1-0

[Event "SR 1. liga zapad 2013/2014"]
[Site "?"]
[Date "2013.11.16"]
[Round "14.3"]
[White "Havlicek, Libor"]
[Black "Banas, Jan"]
[Result "0-1"]
[WhiteElo "2268"]
[BlackElo "2293"]
[PlyCount "84"]
[EventDate "2013.??.??"]
[WhiteTeam "SK Slovan Bratislava C"]
[BlackTeam "Lokomotiva Trnava"]

1. d4 Nf6 2. Nf3 g6 3. g3 Bg7 4. Bg2 O-O 5. O-O d5 6. c4 dxc4 7. Na3 Nc6 8.
Nxc4 Be6 9. Ne3 Nd5 10. Nc2 Ndb4 11. Nxb4 Nxb4 12. Bd2 a5 13. a3 Nc6 14. Bc3 a4
15. Qd3 Qd7 16. Rfd1 Bb3 17. Rd2 Rfd8 18. Qe4 Qe6 19. Qxe6 Bxe6 20. e4 Bb3 21.
Bf1 e6 22. Rd3 Bc2 23. Re3 Nxd4 24. Nxd4 Bxd4 25. Bxd4 Rxd4 26. Rc3 Bxe4 27.
Rxc7 Rd2 28. Bg2 Bxg2 29. Kxg2 Rxb2 30. Rd1 Ra5 31. g4 Rd5 32. Rxd5 exd5 33.
Rc5 Rb3 34. Rxd5 Rxa3 35. Ra5 Kf8 36. Ra8+ Kg7 37. Ra5 Kf6 38. g5+ Ke6 39. h4
Kd6 40. Ra7 Kc6 41. Ra8 Ra1 42. Rc8+ Kb6 0-1

[Event "SR 1. liga zapad 2013/2014"]
[Site "?"]
[Date "2013.11.16"]
[Round "14.5"]
[White "Turna, Stefan"]
[Black "Szitkey, Milan"]
[Result "1/2-1/2"]
[WhiteElo "2217"]
[BlackElo "2149"]
[PlyCount "68"]
[EventDate "2013.??.??"]
[WhiteTeam "SK Slovan Bratislava C"]
[BlackTeam "Lokomotiva Trnava"]

1. d4 d5 2. c4 e6 3. Nc3 Nf6 4. Nf3 c6 5. Bg5 Nbd7 6. e3 Be7 7. Rc1 O-O 8. Qc2
h6 9. Bh4 a6 10. Bd3 dxc4 11. Bxc4 b5 12. Bd3 c5 13. O-O Bb7 14. Bxf6 Nxf6 15.
dxc5 Bxc5 16. a4 b4 17. Ne4 Bb6 18. Rfd1 Rc8 19. Qb1 Qe7 20. Nxf6+ Qxf6 21.
Bh7+ Kh8 22. Be4 Rxc1 23. Rxc1 Bxe4 24. Qxe4 Qxb2 25. Rb1 Rc8 26. g3 Rc1+ 27.
Rxc1 Qxc1+ 28. Kg2 b3 29. Qa8+ Kh7 30. Qe4+ g6 31. Qf4 Qc7 32. Qb4 Qc2 33. Qf8
Qc7 34. Qb4 Qc2 1/2-1/2

[Event "SR 1. liga zapad 2013/2014"]
[Site "?"]
[Date "2013.11.16"]
[Round "14.6"]
[White "Nicolini, Alexander"]
[Black "Kovac, Andrej"]
[Result "0-1"]
[WhiteElo "2151"]
[BlackElo "2171"]
[PlyCount "78"]
[EventDate "2013.??.??"]
[WhiteTeam "Lokomotiva Trnava"]
[BlackTeam "SK Slovan Bratislava C"]

1. e4 e6 2. Qe2 Ne7 3. Nf3 g6 4. Nc3 Bg7 5. h4 h6 6. d3 d5 7. Bd2 c5 8. g3 Nbc6
9. Bg2 d4 10. Na4 Qd6 11. b3 Rb8 12. O-O e5 13. Nb2 b5 14. a4 a6 15. axb5 axb5
16. Nh2 g5 17. h5 Nb4 18. Rfc1 O-O 19. Bf3 Bb7 20. Kg2 Ra8 21. Bxb4 cxb4 22.
Qe1 Ra3 23. Nf1 Rfa8 24. Rab1 Ra2 25. Nd1 Rc8 26. Rb2 Ra6 27. g4 Nc6 28. Ng3
Bf8 29. Be2 Nd8 30. f3 Ne6 31. Bf1 Qc7 32. Ne2 Bc6 33. Kg1 Bd7 34. Bh3 Qa7 35.
Qd2 Nc5 36. Nf2 Be6 37. Rcb1 Ra2 38. Qc1 Nxb3 39. Rxa2 Qxa2 0-1

[Event "SR 1. liga zapad 2013/2014"]
[Site "?"]
[Date "2013.11.16"]
[Round "14.7"]
[White "Hacik, Radomir"]
[Black "Liptak, Dusan"]
[Result "1/2-1/2"]
[WhiteElo "2209"]
[BlackElo "2108"]
[PlyCount "80"]
[EventDate "2013.??.??"]
[WhiteTeam "SK Slovan Bratislava C"]
[BlackTeam "Lokomotiva Trnava"]

1. e4 d6 2. d4 Nf6 3. Nc3 Nbd7 4. Nf3 e5 5. Bg5 c6 6. Bc4 b5 7. Bb3 Be7 8. Bxf6
Bxf6 9. d5 b4 10. dxc6 bxc3 11. cxd7+ Bxd7 12. bxc3 Qc7 13. O-O O-O 14. Qd3
Rab8 15. Rad1 Rb6 16. Nd2 Rc8 17. Rfe1 Bg5 18. Nf3 Bf6 19. h3 Bb5 20. Qd5 Bc4
21. Qa5 Ra6 22. Qxc7 Rxc7 23. Re3 Kf8 24. Nd2 Be6 25. Rd3 Ke7 26. Nf1 Bg5 27.
Ne3 Bxe3 28. Rxe3 Bc4 29. g3 Rac6 30. Rb1 Ba6 31. Bd5 Rxc3 32. Rxc3 Rxc3 33.
Rb4 Rc7 34. c4 Bc8 35. h4 f5 36. f3 fxe4 37. Bxe4 Be6 38. Bd3 h6 39. Kf2 d5 40.
cxd5 Bxd5 1/2-1/2

[Event "SR 1. liga zapad 2013/2014"]
[Site "?"]
[Date "2013.11.16"]
[Round "14.8"]
[White "Puskar, Peter"]
[Black "Kolcak, Marek"]
[Result "1/2-1/2"]
[WhiteElo "2063"]
[BlackElo "2153"]
[PlyCount "115"]
[EventDate "2013.??.??"]
[WhiteTeam "Lokomotiva Trnava"]
[BlackTeam "SK Slovan Bratislava C"]

1. d4 d5 2. c4 dxc4 3. e3 Nf6 4. Bxc4 e6 5. Nf3 c5 6. O-O a6 7. a4 Nc6 8. Nc3
cxd4 9. exd4 Be7 10. b3 O-O 11. Bb2 Nb4 12. Ne5 Nbd5 13. Ne2 Bd7 14. Nc1 b5 15.
axb5 Bxb5 16. Ncd3 Qb6 17. Qe2 Rfd8 18. Rfc1 Rac8 19. Qe1 Bd6 20. Qa5 Qxa5 21.
Rxa5 Bc7 22. Raa1 Bb6 23. Bxb5 Rxc1+ 24. Rxc1 axb5 25. Ba3 Ne4 26. Bc5 Bxc5 27.
dxc5 f6 28. Nc6 Rd7 29. Ra1 Nc7 30. Ncb4 Rd4 31. c6 Nd6 32. f3 Kf8 33. Ra7 Nde8
34. Kf2 Ke7 35. Ke3 e5 36. Nc2 Rd8 37. Nc5 Ra8 38. Rxa8 Nxa8 39. Nb7 Nd6 40.
Nb4 Nc7 41. Kd3 f5 42. Nc5 Nc8 43. Nd7 Kd6 44. Nf8 h6 45. g4 fxg4 46. fxg4 Kc5
47. Kc3 Ne7 48. Nd7+ Kd6 49. Kd3 Ncd5 50. Nxd5 Kxd5 51. c7 Kd6 52. Nf8 Kxc7 53.
Ne6+ Kd6 54. Nxg7 Kd5 55. Nf5 Ng8 56. h4 e4+ 57. Ke3 Ke5 58. h5 1/2-1/2

[Event "SR 1. liga zapad 2013/2014"]
[Site "?"]
[Date "2013.11.16"]
[Round "15.1"]
[White "Motuz, Karol"]
[Black "Bagi, Mate"]
[Result "1/2-1/2"]
[WhiteElo "2305"]
[BlackElo "2368"]
[PlyCount "101"]
[EventDate "2013.??.??"]
[WhiteTeam "SKS Povazska Bystrica"]
[BlackTeam "KSC Komarno"]

1. d4 Nf6 2. Nf3 c5 3. d5 b5 4. e3 Bb7 5. a4 Bxd5 6. axb5 g6 7. Bd3 Bg7 8. Nbd2
O-O 9. O-O Bb7 10. e4 a6 11. e5 Ng4 12. bxa6 Nxa6 13. h3 Nh6 14. Be4 Qc7 15. c3
d5 16. exd6 exd6 17. Qb3 Rfb8 18. Bxb7 Qxb7 19. Qxb7 Rxb7 20. Ne4 Rb6 21. Rd1
Rd8 22. Bg5 Rdb8 23. Bxh6 Bxh6 24. Nf6+ Kg7 25. Nd7 R8b7 26. Nxb6 Rxb6 27. g4
Bf4 28. Ra4 g5 29. h4 h6 30. hxg5 hxg5 31. Nh4 Nc7 32. Nf5+ Kf6 33. b4 c4 34.
Ra5 Be5 35. Ne3 Rc6 36. b5 Rc5 37. Rb1 Bxc3 38. Ra4 Rxb5 39. Rxb5 Nxb5 40. Nd5+
Ke5 41. Nxc3 Nxc3 42. Rxc4 Ne2+ 43. Kg2 Nf4+ 44. Kf3 d5 45. Rc7 f6 46. Re7+ Ne6
47. Ke3 Kd6 48. Rf7 Ke5 49. f3 Nf4 50. Re7+ Ne6 51. Rf7 1/2-1/2

[Event "SR 1. liga zapad 2013/2014"]
[Site "?"]
[Date "2013.11.16"]
[Round "15.3"]
[White "Chovanec, Milan"]
[Black "Kukel, Imre 1985"]
[Result "1/2-1/2"]
[WhiteElo "2147"]
[BlackElo "2249"]
[PlyCount "93"]
[EventDate "2013.??.??"]
[WhiteTeam "SKS Povazska Bystrica"]
[BlackTeam "KSC Komarno"]

1. e4 c5 2. Nf3 d6 3. d4 cxd4 4. Qxd4 a6 5. c4 Nc6 6. Qe3 Nf6 7. Nc3 Ng4 8. Qd2
e6 9. Be2 Be7 10. O-O Bd7 11. h3 Nf6 12. b3 O-O 13. Rd1 Qa5 14. Bb2 Rab8 15. a4
Rfc8 16. Ba3 Ne8 17. Rac1 Qb6 18. Rb1 Bf6 19. Na2 Be7 20. Nb4 Nf6 21. Bd3 Re8
22. Nc2 Qc7 23. Ne3 Ne5 24. Nxe5 dxe5 25. Bxe7 Rxe7 26. Ng4 Nxg4 27. hxg4 Bc6
28. Bc2 Rd7 29. Qe3 Rbd8 30. Rxd7 Rxd7 31. Rd1 Rxd1+ 32. Bxd1 Qd6 33. Bc2 h6
34. c5 Qe7 35. b4 Qd7 36. a5 Qd8 37. g3 Qf6 38. Kg2 Qg6 39. f3 Qf6 40. Qd2 Bb5
41. Bd1 Qe7 42. Kf2 Qc7 43. Be2 Qc6 44. Qd8+ Kh7 45. Qb6 Qxb6 46. axb6 Bc6 47.
Ke3 1/2-1/2

[Event "SR 1. liga zapad 2013/2014"]
[Site "?"]
[Date "2013.11.16"]
[Round "15.4"]
[White "Szegi, Tamas"]
[Black "Jakubek, Peter"]
[Result "0-1"]
[WhiteElo "2233"]
[BlackElo "2140"]
[PlyCount "104"]
[EventDate "2013.??.??"]
[WhiteTeam "KSC Komarno"]
[BlackTeam "SKS Povazska Bystrica"]

1. e4 e5 2. Nf3 Nf6 3. Bc4 Nxe4 4. O-O d5 5. Bb3 Bg4 6. h3 Bxf3 7. Qxf3 c6 8.
d4 Qf6 9. c4 Qxf3 10. gxf3 dxc4 11. Bc2 Nf6 12. dxe5 Nd5 13. Nd2 c3 14. bxc3
Nxc3 15. Re1 Bb4 16. a3 Be7 17. Bb2 Nd5 18. Nc4 O-O 19. Rad1 Nd7 20. f4 N7b6
21. Ne3 Nxf4 22. Nf5 Bc5 23. Re4 Nxh3+ 24. Kh2 Nxf2 25. Rg1 Nxe4 26. Rxg7+ Kh8
27. e6 f6 28. Bxe4 Rae8 29. e7 Bxe7 30. Rxe7 Rxe7 31. Nxe7 Nc4 32. Bc3 Nd6 33.
Bb1 Rf7 34. Nf5 Nxf5 35. Bxf5 Kg7 36. Kg3 b6 37. Kf4 Re7 38. Be4 h5 39. Kf5 Rf7
40. Bxc6 h4 41. Bg2 Rf8 42. Bh3 b5 43. Bg2 Rf7 44. Bf1 a6 45. Bg2 Kf8 46. Bb4+
Kg7 47. Kg4 Ra7 48. Kxh4 a5 49. Bd6 b4 50. a4 Rd7 51. Bc5 b3 52. Be4 Rc7 0-1

[Event "SR 1. liga zapad 2013/2014"]
[Site "?"]
[Date "2013.11.16"]
[Round "15.5"]
[White "Obona, Jan"]
[Black "Edes, Zsofia"]
[Result "1/2-1/2"]
[WhiteElo "2140"]
[BlackElo "2008"]
[PlyCount "66"]
[EventDate "2013.??.??"]
[WhiteTeam "SKS Povazska Bystrica"]
[BlackTeam "KSC Komarno"]

1. Nf3 d5 2. c4 d4 3. b4 g6 4. Bb2 Bg7 5. e3 e5 6. exd4 exd4 7. Be2 Ne7 8. O-O
O-O 9. d3 a5 10. b5 c5 11. bxc6 bxc6 12. Na3 Na6 13. Nc2 c5 14. a3 Bh6 15. Bc1
Bxc1 16. Qxc1 Bb7 17. Qf4 Nc7 18. a4 Ne6 19. Qd2 Nc6 20. Na3 Nb4 21. Nb5 Qb8
22. g3 Ra6 23. Nh4 Qe5 24. Ng2 Ng5 25. f4 Nh3+ 26. Kh1 Qe3 27. Qxe3 dxe3 28.
Bf3 Bxf3 29. Rxf3 Nf2+ 30. Kg1 Nfxd3 31. Nxe3 f5 32. Nd5 Re6 33. Nxb4 Nxb4
1/2-1/2

[Event "SR 1. liga zapad 2013/2014"]
[Site "?"]
[Date "2013.11.16"]
[Round "15.6"]
[White "Pallag, Gergely"]
[Black "Kvassay, Peter"]
[Result "0-1"]
[WhiteElo "2075"]
[BlackElo "2042"]
[PlyCount "60"]
[EventDate "2013.??.??"]
[WhiteTeam "KSC Komarno"]
[BlackTeam "SKS Povazska Bystrica"]

1. d4 Nf6 2. Bg5 d5 3. Bxf6 exf6 4. e3 Be7 5. Nc3 O-O 6. Qf3 c6 7. Bd3 Be6 8.
Nge2 Re8 9. Nf4 Nd7 10. g4 Nf8 11. O-O-O b5 12. h4 a5 13. Rdg1 a4 14. Nce2 b4
15. g5 fxg5 16. Nxe6 Nxe6 17. Bxh7+ Kf8 18. Bf5 Bf6 19. Bxe6 g4 20. Qxg4 Rxe6
21. h5 b3 22. axb3 axb3 23. c3 Ra2 24. Qf5 Qa5 25. h6 g6 26. Qd3 Rxb2 27. Kxb2
Qa2+ 28. Kc1 b2+ 29. Kd2 b1=Q+ 30. Qc2 Qaxc2# 0-1

[Event "SR 1. liga zapad 2013/2014"]
[Site "?"]
[Date "2013.11.16"]
[Round "15.7"]
[White "Capak, Stefan"]
[Black "Voros, Gellert"]
[Result "1-0"]
[WhiteElo "2040"]
[BlackElo "2038"]
[PlyCount "87"]
[EventDate "2013.??.??"]
[WhiteTeam "SKS Povazska Bystrica"]
[BlackTeam "KSC Komarno"]

1. d4 d5 2. c4 c6 3. Nf3 Nf6 4. Nc3 e6 5. Bg5 dxc4 6. a4 Bb4 7. e3 Qa5 8. Bxf6
Bxc3+ 9. bxc3 Qxc3+ 10. Nd2 gxf6 11. Bxc4 Nd7 12. O-O Qa5 13. Ne4 h5 14. h4 Ke7
15. Qd3 Qf5 16. Qa3+ Kd8 17. Bd3 Rg8 18. Ng5 Qg4 19. Nxf7+ Ke8 20. Nd6+ Kd8 21.
g3 Qxh4 22. Kg2 Qg4 23. Nf7+ Ke8 24. Nh6 Qg5 25. Nxg8 Qxg8 26. Rh1 b6 27. Rxh5
Bb7 28. Rah1 c5+ 29. f3 Ke7 30. Bb5 Qg6 31. Rh7+ Kf8 32. Bd3 Qg4 33. e4 Qg5 34.
f4 Qg4 35. Rxd7 Bxe4+ 36. Bxe4 Qe2+ 37. Kg1 Qe1+ 38. Kh2 Qxe4 39. Qb2 Rc8 40.
dxc5 Ke8 41. Qd2 Rxc5 42. Rd8+ Kf7 43. Qd7+ Kg6 44. Rg8+ 1-0

[Event "SR 1. liga zapad 2013/2014"]
[Site "?"]
[Date "2013.11.16"]
[Round "15.8"]
[White "Molnar, Erno"]
[Black "Urbanic, Martin"]
[Result "1/2-1/2"]
[WhiteElo "2002"]
[BlackElo "1910"]
[PlyCount "63"]
[EventDate "2013.??.??"]
[WhiteTeam "KSC Komarno"]
[BlackTeam "SKS Povazska Bystrica"]

1. e4 e5 2. Nf3 Nc6 3. Bb5 f5 4. Nc3 fxe4 5. Nxe4 d5 6. Nxe5 dxe4 7. Nxc6 Qg5
8. Qe2 Nf6 9. f4 Qc5 10. Ne5+ c6 11. Bc4 Be7 12. Bf7+ Kd8 13. Bb3 Kc7 14. d3
Bd6 15. Be3 Qa5+ 16. Bd2 Qc5 17. Bc3 exd3 18. Qxd3 Ng4 19. O-O-O Bxe5 20. fxe5
Nxe5 21. Bxe5+ Qxe5 22. Rhe1 Qf4+ 23. Kb1 Bf5 24. Qc3 Rhd8 25. Qxg7+ Kb6 26. h3
Qf2 27. a3 Rd2 28. Qc3 Rad8 29. Qb4+ Ka6 30. Qa4+ Kb6 31. Qb4+ Ka6 32. Qa4+
1/2-1/2

[Event "SR 1. liga zapad 2013/2014"]
[Site "?"]
[Date "2013.11.16"]
[Round "16.1"]
[White "Bombek, Peter"]
[Black "Zatko, Gregor"]
[Result "1/2-1/2"]
[WhiteElo "2219"]
[BlackElo "2188"]
[PlyCount "30"]
[EventDate "2013.??.??"]
[WhiteTeam "SKS Dubnica n/Vahom B"]
[BlackTeam "SK Levice"]

1. d4 d5 2. Nf3 Nf6 3. c4 c6 4. Nc3 dxc4 5. a4 Bf5 6. e3 e6 7. Bxc4 Bb4 8. O-O
Nbd7 9. Qe2 Bg4 10. h3 Bh5 11. Rd1 O-O 12. e4 Qe7 13. Bf4 Bg6 14. Bg5 e5 15. d5
Rfe8 1/2-1/2

[Event "SR 1. liga zapad 2013/2014"]
[Site "?"]
[Date "2013.11.16"]
[Round "16.2"]
[White "Kalisky, Vladimir"]
[Black "Kovacik, Emil"]
[Result "1/2-1/2"]
[WhiteElo "2186"]
[BlackElo "2207"]
[PlyCount "37"]
[EventDate "2013.??.??"]
[WhiteTeam "SK Levice"]
[BlackTeam "SKS Dubnica n/Vahom B"]

1. e4 e6 2. d4 d5 3. Nd2 c5 4. Ngf3 cxd4 5. exd5 Qxd5 6. Bc4 Qd6 7. O-O Nf6 8.
Nb3 Nc6 9. Nfxd4 Nxd4 10. Nxd4 a6 11. b3 Qc7 12. Bg5 Bd6 13. Bxf6 gxf6 14. Qh5
Qc5 15. Qh4 Qg5 16. Qe4 Qe5 17. Qh4 Qg5 18. Qe4 Qe5 19. Qh4 1/2-1/2

[Event "SR 1. liga zapad 2013/2014"]
[Site "?"]
[Date "2013.11.16"]
[Round "16.3"]
[White "Podoba, Milan"]
[Black "Hudoba, Ondrej"]
[Result "1/2-1/2"]
[WhiteElo "2132"]
[BlackElo "2155"]
[PlyCount "70"]
[EventDate "2013.??.??"]
[WhiteTeam "SKS Dubnica n/Vahom B"]
[BlackTeam "SK Levice"]

1. e4 e5 2. Nf3 Nc6 3. Bc4 Nf6 4. Ng5 d5 5. exd5 Na5 6. Bb5+ Bd7 7. Qe2 Be7 8.
Nc3 O-O 9. Bxd7 Qxd7 10. O-O Rfe8 11. d3 Bb4 12. Bd2 Nxd5 13. Qe4 f5 14. Qxd5+
Qxd5 15. Nxd5 Bxd2 16. Nf3 Rad8 17. Nxc7 Re7 18. Nb5 Bh6 19. Nxa7 e4 20. Rfe1
Kf7 21. Nh4 g6 22. Rad1 Bg7 23. dxe4 Rxd1 24. Rxd1 Rxe4 25. Nf3 Re2 26. Rd2
Rxd2 27. Nxd2 Bxb2 28. Kf1 Ke6 29. Ke2 Kd5 30. f3 Kc5 31. Kd3 b5 32. c3 Ba3 33.
Nb1 Bc1 34. Nd2 Ba3 35. Nb1 Bc1 1/2-1/2

[Event "SR 1. liga zapad 2013/2014"]
[Site "?"]
[Date "2013.11.16"]
[Round "16.4"]
[White "Berek, Geza"]
[Black "Lazo, Juraj"]
[Result "1-0"]
[WhiteElo "2134"]
[BlackElo "2138"]
[PlyCount "163"]
[EventDate "2013.??.??"]
[WhiteTeam "SK Levice"]
[BlackTeam "SKS Dubnica n/Vahom B"]

1. e4 Nf6 2. e5 Nd5 3. d4 d6 4. c4 Nb6 5. exd6 cxd6 6. Nc3 Bf5 7. Be3 e6 8. Nf3
Be7 9. b3 O-O 10. Be2 d5 11. c5 N6d7 12. O-O Nc6 13. Qd2 Bf6 14. Rac1 Nxc5 15.
dxc5 d4 16. Nxd4 Nxd4 17. Bc4 Nc6 18. Qe2 Qa5 19. Nb5 Rad8 20. Nd6 Rd7 21. Rfd1
Rfd8 22. Nxf5 exf5 23. Rxd7 Rxd7 24. Bf4 Re7 25. Qd2 Qxd2 26. Bxd2 Bd4 27. b4
Ne5 28. Be2 f4 29. Kf1 g5 30. Bc3 Bxc3 31. Rxc3 Kf8 32. a3 f6 33. Ke1 f3 34.
gxf3 Ng6 35. Kd2 Nf4 36. Bb5 a6 37. Bf1 Rc7 38. c6 b5 39. a4 Nd5 40. Rc5 Nxb4
41. axb5 axb5 42. Bxb5 Ke7 43. Kc3 Nxc6 44. Rxc6 Ra7 45. Bc4 Ra3+ 46. Bb3 Ra1
47. Re6+ Kd7 48. Rxf6 Rf1 49. Rf7+ Kd6 50. Rxh7 Rxf2 51. Rh3 Ke5 52. Kd3 Kf4
53. Bd5 Rg2 54. Rh8 g4 55. fxg4 Rxg4 56. h4 Ke5 57. Rh5+ Kf6 58. Be4 Rg3+ 59.
Kd4 Rh3 60. Rh7 Ra3 61. Rb7 Rh3 62. Rh7 Ra3 63. Rh6+ Kg7 64. Rg6+ Kh8 65. Ke5
Rh3 66. Rg4 Ra3 67. Bf5 Re3+ 68. Kf6 Re8 69. Ra4 Rf8+ 70. Kg6 Rb8 71. Kh6 Rb6+
72. Bg6 Rb8 73. Ra7 Rd8 74. Rb7 Kg8 75. Rg7+ Kh8 76. Re7 Kg8 77. Bf5 Rd6+ 78.
Be6+ Kf8 79. Rf7+ Ke8 80. Rf6 Ke7 81. Kg7 Rd1 82. h5 1-0

[Event "SR 1. liga zapad 2013/2014"]
[Site "?"]
[Date "2013.11.16"]
[Round "16.5"]
[White "Sukuba, Zdeno"]
[Black "Svonavec, Stefan"]
[Result "1/2-1/2"]
[WhiteElo "2108"]
[BlackElo "2020"]
[PlyCount "38"]
[EventDate "2013.??.??"]
[WhiteTeam "SKS Dubnica n/Vahom B"]
[BlackTeam "SK Levice"]

1. Nf3 Nf6 2. c4 g6 3. Nc3 d5 4. cxd5 Nxd5 5. g3 Bg7 6. Bg2 O-O 7. O-O Nc6 8.
Qb3 Nb6 9. d3 Be6 10. Qa3 Qd6 11. Qxd6 cxd6 12. Bd2 h6 13. Rfc1 Rfc8 14. Rab1
Nd5 15. Nxd5 Bxd5 16. b3 f5 17. e3 g5 18. Ne1 Bxg2 19. Kxg2 Kf7 1/2-1/2

[Event "SR 1. liga zapad 2013/2014"]
[Site "?"]
[Date "2013.11.16"]
[Round "16.6"]
[White "Nikel, Rastislav"]
[Black "Orgon, Dusan"]
[Result "0-1"]
[WhiteElo "2018"]
[BlackElo "2089"]
[PlyCount "108"]
[EventDate "2013.??.??"]
[WhiteTeam "SK Levice"]
[BlackTeam "SKS Dubnica n/Vahom B"]

1. e4 e6 2. d4 d5 3. Nd2 Nc6 4. e5 Nxd4 5. f4 c5 6. c3 Nf5 7. Ndf3 h5 8. Bd3
Ngh6 9. Ne2 Qb6 10. Ng3 g6 11. Qe2 Bd7 12. c4 Bc6 13. O-O Nxg3 14. hxg3 Nf5 15.
Kf2 Be7 16. Rh1 Nh6 17. Ng5 Ng4+ 18. Qxg4 hxg4 19. Rxh8+ Bf8 20. Nh7 O-O-O 21.
Rxf8 Rxf8 22. Nxf8 dxc4 23. Bxc4 Qb4 24. Be2 Qe4 25. Be3 Qxg2+ 26. Ke1 Qh1+ 27.
Bf1 Qe4 28. Kd2 Qb4+ 29. Kd1 Bf3+ 30. Kc2 Be4+ 31. Kd1 Bf3+ 32. Kc2 c4 33. Rc1
Qxf8 34. Bxc4 Kb8 35. Bd3 Qh8 36. Kb1 Qh2 37. Rg1 Bd5 38. a3 a6 39. Kc1 b5 40.
Bd4 Kb7 41. Kd1 Bf3+ 42. Ke1 Kc6 43. Bf2 Kd5 44. Rf1 g5 45. fxg5 Qh8 46. Kd2
Qxe5 47. Rc1 Qxb2+ 48. Rc2 Qxa3 49. Bb6 a5 50. Rc7 Qb2+ 51. Ke3 a4 52. Rc5+ Kd6
53. Rxb5 Qc1+ 54. Kd4 e5+ 0-1

[Event "SR 1. liga zapad 2013/2014"]
[Site "?"]
[Date "2013.11.16"]
[Round "16.7"]
[White "Pupak, Tomas"]
[Black "Lecky, Juraj"]
[Result "1-0"]
[WhiteElo "2016"]
[BlackElo "1863"]
[PlyCount "71"]
[EventDate "2013.??.??"]
[WhiteTeam "SKS Dubnica n/Vahom B"]
[BlackTeam "SK Levice"]

1. Nf3 Nf6 2. c4 g6 3. g3 Bg7 4. Bg2 d5 5. cxd5 Nxd5 6. Nc3 Nc6 7. O-O Nb6 8.
d3 O-O 9. Be3 e5 10. Qd2 Nd4 11. Bh6 Qe7 12. Bxg7 Kxg7 13. Rac1 c6 14. Qe3
Nxf3+ 15. Bxf3 f5 16. Bg2 Bd7 17. a4 Qd6 18. a5 Nd5 19. Nxd5 cxd5 20. Qc5 Qxc5
21. Rxc5 Bc6 22. Bxd5 Bxd5 23. Rxd5 Kf6 24. Rc1 h5 25. Rc7 Ke6 26. Rcd7 f4 27.
R5d6+ Kf5 28. Rxb7 Rab8 29. Rdd7 Kg4 30. Kg2 fxg3 31. hxg3 h4 32. gxh4 Kxh4 33.
a6 Rbc8 34. Rdc7 Rcd8 35. Rxa7 Rf4 36. Rc4 1-0

[Event "SR 1. liga zapad 2013/2014"]
[Site "?"]
[Date "2013.11.16"]
[Round "16.8"]
[White "Toth, Erik"]
[Black "Prasek, Ivan"]
[Result "0-1"]
[WhiteElo "1785"]
[BlackElo "1950"]
[PlyCount "64"]
[EventDate "2013.??.??"]
[WhiteTeam "SK Levice"]
[BlackTeam "SKS Dubnica n/Vahom B"]

1. e4 e5 2. Nf3 Nc6 3. d4 exd4 4. Nxd4 Nf6 5. Nxc6 bxc6 6. e5 Qe7 7. Qe2 Nd5 8.
c4 Ba6 9. b3 g6 10. g3 Bg7 11. Bb2 O-O 12. Bg2 Rae8 13. O-O Bxe5 14. Qxe5 Qxe5
15. Bxe5 Rxe5 16. cxd5 Bxf1 17. Kxf1 cxd5 18. Nc3 c6 19. Rd1 a5 20. Rd4 Rfe8
21. Bf3 Re1+ 22. Kg2 Rc1 23. Nd1 Re1 24. Ne3 Rg1+ 25. Kh3 Rb1 26. Rd2 f6 27.
Kg4 a4 28. Bd1 a3 29. Kf3 Rb2 30. Ke2 Rh1 31. h4 f5 32. Rc2 d4 0-1

[Event "SR 1. liga zapad 2013/2014"]
[Site "?"]
[Date "2013.11.16"]
[Round "17.1"]
[White "Petrik, Tomas"]
[Black "Michalik, Peter"]
[Result "1/2-1/2"]
[WhiteElo "2519"]
[BlackElo "2584"]
[PlyCount "116"]
[EventDate "2013.??.??"]
[WhiteTeam "SK Modra"]
[BlackTeam "SK Prievidza"]

1. e4 e5 2. Nf3 Nc6 3. Bb5 a6 4. Bxc6 dxc6 5. O-O Bg4 6. h3 h5 7. d3 Qf6 8. Be3
Bxf3 9. Qxf3 Qxf3 10. gxf3 Ne7 11. Nd2 Ng6 12. Rfb1 a5 13. a4 Bd6 14. Kf1 Nf8
15. c3 Ne6 16. Nc4 O-O 17. Rd1 f5 18. Ke2 c5 19. Rg1 Kh7 20. Rg2 b6 21. Rag1
Rf6 22. exf5 Rxf5 23. Nd2 Rg8 24. Rg6 Rf6 25. R6g3 g6 26. Ne4 Rf5 27. Bg5 Nxg5
28. Nxg5+ Kh6 29. Ne4 Be7 30. Nd2 Bg5 31. Nc4 Bf4 32. R3g2 Rf6 33. Kd1 g5 34.
Kc2 Rd8 35. Re1 Rd5 36. Re4 Rf8 37. Rg1 Rf7 38. Rge1 Bh2 39. Rh1 Bf4 40. Na3
Kg6 41. Nb5 Rd8 42. c4 Rfd7 43. Rd1 Kf5 44. Nc3 g4 45. fxg4+ hxg4 46. hxg4+
Kxg4 47. Ree1 Rh8 48. Rg1+ Kf5 49. Rg2 Rdh7 50. Rdg1 Rh1 51. Rxh1 Rxh1 52. Rg7
Rc1+ 53. Kb3 Rf1 54. Rf7+ Kg4 55. Ne4 Rd1 56. Kc2 Rc1+ 57. Kb3 Rd1 58. Kc2 Rc1+
1/2-1/2

[Event "SR 1. liga zapad 2013/2014"]
[Site "?"]
[Date "2013.11.16"]
[Round "17.2"]
[White "Dobrotka, Martin"]
[Black "Kuchynka, Lukas"]
[Result "1/2-1/2"]
[WhiteElo "2218"]
[BlackElo "2309"]
[PlyCount "77"]
[EventDate "2013.??.??"]
[WhiteTeam "SK Prievidza"]
[BlackTeam "SK Modra"]

1. d4 Nf6 2. c4 Nc6 3. Nc3 e5 4. d5 Ne7 5. Nf3 Ng6 6. g3 a6 7. Bg2 Bc5 8. O-O
O-O 9. Bg5 h6 10. Bxf6 Qxf6 11. Ne4 Qb6 12. Nxc5 Qxc5 13. Rc1 d6 14. Qd2 a5 15.
Ne1 Bf5 16. e4 Bd7 17. Nd3 Qd4 18. Qc3 Qxc3 19. Rxc3 b6 20. a3 a4 21. Nb4 f6
22. h4 Nh8 23. f4 g5 24. fxg5 fxg5 25. hxg5 Rxf1+ 26. Bxf1 hxg5 27. Rc2 Nf7 28.
Rh2 Kg7 29. Nc2 g4 30. Kf2 Ng5 31. Ke3 Rf8 32. Be2 Nh3 33. Ne1 Rf7 34. Nd3 Bc8
35. Rh1 Rf6 36. Rf1 Rh6 37. Rh1 Rf6 38. Rf1 Rh6 39. Rh1 1/2-1/2

[Event "SR 1. liga zapad 2013/2014"]
[Site "?"]
[Date "2013.11.16"]
[Round "17.3"]
[White "Federic, Jozef"]
[Black "Kaniansky, Miroslav"]
[Result "0-1"]
[WhiteElo "2269"]
[BlackElo "2203"]
[PlyCount "90"]
[EventDate "2013.??.??"]
[WhiteTeam "SK Modra"]
[BlackTeam "SK Prievidza"]

1. d4 d5 2. Nf3 Nf6 3. c4 c6 4. e3 a6 5. Nbd2 b5 6. b3 Bg4 7. Bd3 Nbd7 8. Qc2
e6 9. O-O Bd6 10. e4 dxe4 11. Nxe4 Nxe4 12. Bxe4 Rc8 13. Re1 Nf6 14. Bg5 Be7
15. Ne5 Nxe4 16. Bxe7 Qxe7 17. Qxe4 Bf5 18. Qf3 Qd6 19. c5 Qd5 20. Qxd5 cxd5
21. Rec1 f6 22. Nf3 Kd7 23. b4 Rhe8 24. Rc3 a5 25. a3 Ra8 26. bxa5 Rxa5 27.
Rac1 Kc6 28. h3 Rea8 29. g4 Be4 30. Nd2 Rxa3 31. f3 Rxc3 32. Rxc3 Ra2 33. Nxe4
dxe4 34. fxe4 Rd2 35. d5+ exd5 36. exd5+ Rxd5 37. Kf2 Rxc5 38. Ra3 Rd5 39. Ke3
Rd7 40. Ra8 b4 41. Rb8 Kc5 42. h4 Kc4 43. Rc8+ Kb3 44. Rb8 Kc3 45. g5 Re7+ 0-1